000 01264nab a22002657a 4500
999 _c5729
_d5729
003 OSt
005 20260101184458.0
008 190514b xxu||||| |||| 00| 0 spa d
040 _cPJ
100 _96649
_aJure, María Angélica
245 1 0 _aNunca más otro caso "Fornerón" /
_cMaría Angélica Jure.
300 _ap. 8-17
500 _aTR LALEY AR/DOC/3263/2024.
505 _a Sumario: I. Introducción.— II. Breve relación de la causa.— III. Sobre el fallo de la CS.— IV. Admisión del recurso de queja. Razones.— V. Sobre el impacto de los fallos de la CIDH.— VI. Sobre una cuestión vinculada al consentimiento materno.— VII. Reflexión final.
505 _aFallo comentado: CS ~ 13/08/2024 ~ P., M. B. s/ medidas precautorias.
650 0 _92741
_aDERECHOS DE LAS NIÑAS, NIÑOS Y ADOLESCENTES
650 0 _9967
_aDERECHO DE FAMILIA
650 0 _93377
_aCORTE INTERAMERICANA DE DERECHOS HUMANOS
650 0 _9614
_aDERECHOS HUMANOS
650 0 _95585
_aCONSENTIMIENTO
650 0 _9974
_aADOPCIÓN
650 0 _91057
_aJURISPRUDENCIA APLICABLE
773 0 _02844
_93222
_dBuenos Aires : AbeledoPerrot, 1989-
_tDerecho de familia. Revista Interdisciplinaria de doctrina y jurisprudencia. Febrero 2025-I.
_z18511201
942 _2udc
_cANA